Методика проведения исследований по выявлению факторов и мероприятий, влияющих на качество изготовления продукции на предприятиях машиностроения (Запись № 7759611)

Подробности
000 -МАРКЕР
контрольное поле 01581nam0a22003011 4500
001 - ИДЕНТИФИКАТОР ЗАПИСИ
контрольное поле rc\3633481
005 - ИДЕНТИФИКАТОР ВЕРСИИ
контрольное поле 20130115145007.7
021 ## - НОМЕР ГОСУДАРСТВЕННОЙ РЕГИСТРАЦИИ
Код страны Российская Федерация
Номер [69-67764]
035 ## - ДРУГИЕ СИСТЕМНЫЕ НОМЕРА
Идентификатор записи (NLR Aleph) 007826045
100 ## - ДАННЫЕ ОБЩЕЙ ОБРАБОТКИ
Данные общей обработки 20130115d1969 |||y0rusy50 ca
101 0# - ЯЗЫК РЕСУРСА
Язык текста, звукозаписи и т.д. русский
102 ## - СТРАНА ПУБЛИКАЦИИ ИЛИ ПРОИЗВОДСТВА
Страна публикации Российская Федерация
105 ## - ПОЛЕ КОДИРОВАННЫХ ДАННЫХ: ТЕКСТОВЫЕ МАТЕРИАЛЫ, МОНОГРАФИЧЕСКИЕ
Кодированные данные о монографическом текстовом документе y z |||||
200 1# - ЗАГЛАВИЕ И СВЕДЕНИЯ ОБ ОТВЕТСТВЕННОСТИ
Основное заглавие Методика проведения исследований по выявлению факторов и мероприятий, влияющих на качество изготовления продукции на предприятиях машиностроения
Первые сведения об ответственности Ком. стандартов, мер и измерит. приборов при Совете Министров СССР. Всесоюз. науч.-исслед. ин-т стандартизации "ВНИИМС"
210 ## - ПУБЛИКАЦИЯ, РАСПРОСТРАНЕНИЕ И ДР.
Место издания, распространения и т.д. Москва
Имя издателя, распространителя и т. д. Б. и.
Дата издания, распространения и т.д. 1969
215 ## - ФИЗИЧЕСКАЯ ХАРАКТЕРИСТИКА
Специфическое обозначение материала и объем 74 с.
Другие сведения о физической характеристике граф.
Размеры 20
300 ## - ОБЩИЕ ПРИМЕЧАНИЯ
Текст примечания На обороте тит. л. авт.: д-р экон. наук А. Гличев, канд. экон. наук В. Панов, инж. М. Бабин и др.
606 ## - НАИМЕНОВАНИЕ ТЕМЫ КАК ПРЕДМЕТ
Наименование темы Машиностроительная продукция
Тематический подзаголовок Качество
-- Технико-экономический анализ
Код системы psbo
701 #1 - ИМЯ ЛИЦА - АЛЬТЕРНАТИВНАЯ ОТВЕТСТВЕННОСТЬ
Начальный элемент ввода Панов
Часть имени, кроме начального элемента ввода В.
701 #1 - ИМЯ ЛИЦА - АЛЬТЕРНАТИВНАЯ ОТВЕТСТВЕННОСТЬ
Начальный элемент ввода Бабин
Часть имени, кроме начального элемента ввода М.
701 #1 - ИМЯ ЛИЦА - АЛЬТЕРНАТИВНАЯ ОТВЕТСТВЕННОСТЬ
Начальный элемент ввода Гличев
Часть имени, кроме начального элемента ввода А. В.
Расширение инициалов личного имени Александр Владимирович
712 02 - НАИМЕНОВАНИЕ ОРГАНИЗАЦИИ - ВТОРИЧНАЯ ОТВЕТСТВЕННОСТЬ
Начальный элемент ввода ВНИИ стандартизации
Идентификатор авторитетной/нормативной записи RU\NLR\AUTH\8810020283
801 #0 - ИСТОЧНИК ЗАПИСИ
Страна Российская Федерация
Организация NLR
Правила каталогизации psbo
801 #1 - ИСТОЧНИК ЗАПИСИ
Страна Российская Федерация
Организация ELAR
Источник данных rusmarc
852 ## - МЕСТОНАХОЖДЕНИЕ И ШИФР ХРАНЕНИЯ
Идентификатор организации NLR
Шифр хранения (Call Number) 69-4/19270
942 ## - ДОПОЛНИТЕЛЬНЫЕ ЭЛЕМЕНТЫ ЗАПИСИ (АБИС)
Тип экземпляра АБИС Книга
980 ## - КОЛЛЕКЦИЯ
Название коллекции Национальная библиография
Экземпляры
Тип экземпляра Дата поступления Библиотека постоянного хранения Библиотека текущего хранения Место хранения Шифр хранения Штрих-код Статус экземпляра
Книга 26.10.2013 РНБ (Московский) РНБ (Московский) Русский книжный фонд: издания с 1957 года 69-4/19270 7826045-10